02470cam a22005054i 4500003000900000005001700009008004100026020001500067035002700082040003300109049000900142082002100151100002800172245014700200264005900347300003800406336002100444337002500465338002300490504002800513505055700541526001001098526001001108526001001118526001001128526000801138526000801146526000801154526000801162526000801170526000801178526000801186630006001194630003901254650002101293700003901314700003901353942001401392949012401406994001401530596000601544999017701550980005501727952018201782PE-LiUPU20250731173005.0150623s1998 miu rb 000 0 eng d a0802843638 a(Sirsi) i9780802843630 aPE-LiUPUbspacPE-LiUPUerda aPRUA04a221.446bK382211 aPage H, Kelly.,eautor.14aThe Masorah of Biblia Hebraica Stuttgartensia :bintroduction and annotated glossary /cPage H. Kelley, Daniel S. Mynatt, Timothy G. Crawford. 1aMichigan :bWilliam B. Eerdmans Publishing Co.,c1998. a241 páginas ;c26 centímetros atext2rdacontent aunmediated2rdamedia avolume2rdacarrier aIncluye bibliografía.0 aHistory of the Masorah -- The Proto-Masoretic Text -- Working Winth Masoretic Notes -- Masotah Parva Notes -- Important Items in the Masoretic Apparatus.imagen -- La actitud del inmigrante -- Motivación es la clave -- La actitud hace la diferencia -- Usted. Sí, usted. tiene lo que se necesita -- Es imprescindible un programa de metas -- Un programa de metas: la clave para un éxito equilibrado -- Cómo alcanzar sus metas -- Cómo levantarse y mantenerse de pie cuando lo han tumbado -- Compromiso+valor+disciplina=Libertad -- Un buen final. aSEG42 aSEG41 aSEG40 aSEG39 aP94 aP87 aP86 aP85 aP77 aP76 aP35 aBiblia.pA.T.lHebreo.sBiblia Hebraica Stuttgartensia. aBiblia.pA.T.xCrítica, textual.04aMasorahxIndices1 aCrawford, Timothy G.1957-,eautor.1 aMynatt, Daniel S.,d1962-,eautor. 2ddccBOOK a221.446 K38wDEWEYc1i45662lCCODEBUL1mBULr0sYtBOOKu2015-6-24xTEOLOGIAPP350COMPRAo.STAFF. Colección General aC0bPEPRU a1 a221.446 K38wDEWEYc22539i45662d22539e2019-10-13f2021-11-9g5lCCODEBUL1mBULn3p26.00q2r0sYtBOOKu2015-6-24xTEOLOGIAPP350COMPRAo.STAFF. Colección Teología 81gALBERTO SANCHEZ Responsable de Automatización r2025-12-02 00:00:00i6l3o221.446 K38p45662s2019-10-13te1v31.00w2015-06-24xFTyBKzinventario-2023-12-13102ddc50708GENfP35aBULbBULcGENd2015-06-24eCOMPRAg26.00